| Tag |
First Indicator |
Second Indicator |
Subfields |
| LEADER |
00000cam a2200000 a 4500 |
| 001 |
in00001069071 |
| 005 |
20150929103240.0 |
| 008 |
920323s1991 dcu f000 0 eng d |
| 010 |
|
|
|a (DG92065349
|
| 035 |
|
|
|a (OCoLC)25512151
|
| 035 |
|
|
|9 AFP5954AM
|
| 040 |
|
|
|a GPO
|c GPO
|d DLC
|d UtOrBLW
|
| 043 |
|
|
|a n-us---
|
| 074 |
|
|
|a 323-A
|
| 086 |
0 |
|
|a D 101.43/2:787
|
| 088 |
|
|
|a RPI 787
|
| 245 |
0 |
0 |
|a Transition benefits /
|c Army Reserve.
|
| 264 |
|
1 |
|a [Washington, D.C.?] :
|b The Reserve,
|c [1991]
|
| 300 |
|
|
|a 1 unnumbered leaf ;
|c 22 x 10 cm.
|
| 336 |
|
|
|a text
|b txt
|2 rdacontent
|
| 337 |
|
|
|a unmediated
|b n
|2 rdamedia
|
| 338 |
|
|
|a sheet
|b nb
|2 rdacarrier
|
| 500 |
|
|
|a Shipping list number: 92-080-P.
|
| 500 |
|
|
|a "RPI 787, September 1991"--P. [2].
|
| 610 |
1 |
0 |
|a United States.
|b Army Reserve
|x Recruiting, enlistment, etc.
|
| 710 |
1 |
|
|a United States.
|b Army Reserve.
|
| 999 |
|
|
|a MARS
|
| 999 |
f |
f |
|s d6cedde3-a9ac-33e4-8a83-7536e751fca1
|i ce6212d8-fea5-39e5-8473-7da39ae47735
|t 0
|
| 952 |
f |
f |
|p normal
|a Texas A&M University
|b College Station
|c Sterling C. Evans Library
|d Evans: US Documents (Annex 5th floor)
|t 0
|e D 101.43/2: 787
|h Superintendent of Documents classification
|i unmediated -- sheet
|m A14815787745
|
| 998 |
f |
f |
|a D 101.43/2: 787
|t 0
|l Evans: US Documents (Annex 5th floor)
|